El narrador como hombre de acción: la construcción de la memoria colectiva en el mundo grecorromano
Enregistré dans:
| Format: | Livre |
|---|---|
| Langue: | espagnol anglais portugais |
| Publié: |
Salamanca
Universidad de Salamanca
2011
|
| Édition: | 1a. ed |
| Collection: | Studia Histórica. Historia Antigua, 29
|
| Sujets: | |
| Tags: |
Ajouter un tag
Pas de tags, Soyez le premier à ajouter un tag!
|
MARC
| LEADER | 00000cam a2200000 a 4500 | ||
|---|---|---|---|
| 001 | UCC4740 | ||
| 003 | CL-VaPUC | ||
| 008 | 180824e20110000sp |||||||||||||||||spa|d | ||
| 020 | |a 977021320500429 | ||
| 041 | 0 | 7 | |a spa |2 CL-VaPUC |
| 041 | 0 | 7 | |a eng |2 CL-VaPUC |
| 041 | 0 | 7 | |a por |2 CL-VaPUC |
| 082 | 0 | 4 | |a 306.09495 |b NAR |2 21 |
| 245 | 1 | 3 | |a El narrador como hombre de acción: la construcción de la memoria colectiva en el mundo grecorromano |
| 250 | |a 1a. ed | ||
| 300 | |a 357 p | ||
| 942 | |c BK | ||
| 945 | |d 20180824 13:39:00 |a dcastane | ||
| 260 | |a Salamanca |b Universidad de Salamanca |c 2011 | ||
| 650 | 0 | |a Historia universal |9 266877 | |
| 650 | 7 | |a CIVILIZACION GRECO-ROMANA |2 CL-VaPUC |9 268177 | |
| 650 | 0 | |a Civilizaciones antiguas |9 265998 | |
| 650 | 0 | |a Política y gobierno |9 255151 | |
| 583 | |a last modification |c 20180824 13:39:00 |k Rodrigo Vera | ||
| 490 | 0 | |a Studia Histórica. Historia Antigua, 29 | |
| 999 | |c 372158 |d 372156 | ||
| 952 | |0 0 |1 0 |3 erb |4 0 |6 306_094950000000000_NAR_2011 |7 0 |8 A |9 489435 |a BIBHIS |b BIBHIS |i 5491444 |o 306.09495 NAR 2011 |p 5491444 |r 2025-01-20 |w 2019-11-24 |y BK |z Catalogado en:20180824 |k HIS | ||